00513 a2200157 4500003000500000005001700005040000900022082001100031245009000042505003000132650002100162651003000183655002000213999001900233952010300252Nust20170207154601.0 cNust a025.34 aBeginners english stage 1 language review : Units : 7-9, side 1: units: 10-13, side 2 aAlmirah No.73 shelf No.6  aEnglish learning aBeginners english stage 1 aLanguage review c198614d198614 00102ddc40708NFICaMCSbMCSd2016-12-12l0o025.34 BEGpMCSCst-31r2016-12-08w2016-12-12yBK